Innovations in food packaging / (Record no. 15469)
[ view plain ]
| 000 -LEADER | |
|---|---|
| fixed length control field | 00306nam a22001337a 4500 |
| 020 ## - INTERNATIONAL STANDARD BOOK NUMBER | |
| ISBN | 9789351073482 |
| 082 ## - DEWEY DECIMAL CLASSIFICATION NUMBER | |
| Classification number | 664.092 |
| Item number | HAN/IN |
| 100 ## - MAIN ENTRY--AUTHOR NAME | |
| Personal name | Han,junh H. |
| 245 ## - TITLE STATEMENT | |
| Title | Innovations in food packaging / |
| 250 ## - EDITION STATEMENT | |
| Edition statement | 2nd |
| 260 ## - PUBLICATION, DISTRIBUTION, ETC. (IMPRINT) | |
| Place of publication | New delhi ; |
| Name of publisher | Elsvier , |
| Year of publication | 2017. |
| 300 ## - PHYSICAL DESCRIPTION | |
| Number of Pages | 581p. |
| 942 ## - ADDED ENTRY ELEMENTS (KOHA) | |
| Koha item type | Books |
| Withdrawn status | Lost status | Damaged status | Collection code | Home library | Current library | Shelving location | Date acquired | Source of acquisition | Full call number | Accession Number | Koha item type |
|---|---|---|---|---|---|---|---|---|---|---|---|
| KAUAET | KAUAET | General Stacks | 18/03/2018 | Neoti book agency | 664.092 HAN/IN | 25571 | Books | ||||
| KAUAET | KAUAET | Reference1 | 18/03/2018 | Neoti book agency | 664.092 HAN/IN | 25572 | Books | ||||
| Non-fiction | KAUAET | KAUAET | General Stacks | 28/05/2019 | 664.092 HAN/IN | 25898 | Books |
